| 000 | 00916nam a2200253Ia 4500 | ||
|---|---|---|---|
| 003 | OSt | ||
| 005 | 20221005112303.0 | ||
| 006 | a|||||r|||| 00| 0 | ||
| 007 | ta | ||
| 008 | 221004b |||||||| |||| 00| 0 pan d | ||
| 020 |
_a9788178563923 (hbk) _cIndian Rupees 500 |
||
| 024 | _a39408 | ||
| 037 |
_bGift, 18/09/2018, _cTextual |
||
| 040 |
_aCRL _cCRL _bpan |
||
| 041 |
_2pan _apan |
||
| 082 | _aQ8441:21k, 153Q3 | ||
| 100 | _aਸਿੰਘ, ਬ੍ਰਹਮਜਗਦੀF, ਂਚ. | ||
| 245 | 0 | _aਗੁਰੂ ਗੰ੍ਰਥ ਸੰਕਲਪ ਕੋF | |
| 260 |
_aਅੰਮ੍ਰਿਤਸਰ _bਵਾਰਿਸ Fਾਹ ਖ਼ਾਉ੍ਵਡੇFਨ ਭਾਰਤ _c2013 |
||
| 300 |
_a400ਪ0 _ccm. |
||
| 650 |
_aਸਿੱਖ ਧਰਮ _9156314 |
||
| 942 |
_hQ8441:21k, 153Q3 _cTEXL _2cc |
||
| 999 |
_c1024424 _d1024424 |
||